000 00611nam a2200205Ii 4500
003 JO-AjNU
008 230605s9999||||xx |||||||||||||| ||und||
040 _aJO-AjNU
_bara
_erda
_cJO-AjNU
041 _aara
050 1 4 _aD24.1993
100 3 _aاقتباس نحاس، أوديت,
_eauthor
_920346
245 0 0 _aاكبر كوارث القرن العشرين
250 _aط1
264 3 1 _aطرابلس: جروس يرس، 1993
300 _a188ص
336 _atext
_btxt
_2rdacontent
337 _aunmediated
_bn
_2rdamedia
338 _avolume
_bnc
_2rdacarrier
650 4 _aكوارث طبيعية
_920347
999 _aA6880
_c10448
_d10448